000
00270nam a2200097Ia 4500
005
20251222114340.0
008
251222s1900||||xx |||||||||||||| ||spa||
082
_a
DVD0070/N45/2004
245
0
_a
Au bout du monde รก gauche:Voltee a la izquierda al final del mundo
942
_c
DVD
999
_c
804
_d
804